<?xml version="1.0" encoding="UTF-8"?>
<marc:record xmlns:marc="http://www.loc.gov/MARC21/slim">
   <marc:leader>00000nam a2200000 a 4500</marc:leader>
   <marc:datafield ind1=" " ind2=" " tag="653">
      <marc:subfield code="a">Gottesdienst</marc:subfield>
   </marc:datafield>
   <marc:datafield ind1=" " ind2=" " tag="653">
      <marc:subfield code="a">Gott</marc:subfield>
   </marc:datafield>
   <marc:datafield ind1=" " ind2=" " tag="653">
      <marc:subfield code="a">Himmelreich</marc:subfield>
   </marc:datafield>
   <marc:datafield ind1=" " ind2=" " tag="653">
      <marc:subfield code="a">Kindergottesdienst</marc:subfield>
   </marc:datafield>
   <marc:datafield ind1=" " ind2=" " tag="653">
      <marc:subfield code="a">Jesus</marc:subfield>
   </marc:datafield>
   <marc:datafield ind1="0" ind2="0" tag="245">
      <marc:subfield code="a">Kindergottesdienst praktisch 2014</marc:subfield>
   </marc:datafield>
   <marc:datafield ind1="0" ind2="0" tag="245">
      <marc:subfield code="b">mit Kindern Glauben feiern und verstehen. Eine Arbeitshilfe zum Plan für den Kindergottesdienst</marc:subfield>
   </marc:datafield>
   <marc:datafield ind1=" " ind2="1" tag="264">
      <marc:subfield code="b">Gütersloher Verl. Haus</marc:subfield>
      <marc:subfield code="c">2013</marc:subfield>
   </marc:datafield>
   <marc:datafield ind1="1" ind2=" " tag="520">
      <marc:subfield code="a">Die bewährte Fundgrube zur Vorbereitung von Kindergottesdiensten
PfarrerInnen und MitarbeiterInnen erhalten in diesem Buch bewährte Materialien und kreative Hilfen zur Vorbereitung und Durchführung ihrer Kindergottesdienste. Für jeden KiGo gibt es unter anderem: eine thematische Einführung, Gebete, Lieder und Psalmen sowie liturgische Handlungen, die den bekannten Grundschritten des Kindergottesdienstes folgen. Alle Vorschläge des Buches orientieren sich am Plan für den Kindergottesdienst 2014. (www.buchkatalog.de)</marc:subfield>
   </marc:datafield>
   <marc:datafield ind1=" " ind2=" " tag="020">
      <marc:subfield code="a">9783579074900</marc:subfield>
      <marc:subfield code="9">9783579074900</marc:subfield>
   </marc:datafield>
</marc:record>
